Football club en LDC saison 2025-26 mort subite - Statistiques

Statistiques générales
  • Ce quiz a été pris 4 243 fois
  • Le résultat moyen est 7 sur 15
Answers on the Grid
Answers color-coded by a green-red scale on the quiz's grid according to % correct below.
Barcelone
Strasbourg
Fenerbahçe
Tottenham
Juventus
Ac milan
Liverpool
Manchester United
FK Qarabag
Inter Miami
Werxham
Psg
Paris fc
Bâle
Om
Vissel Kobe
Newcastle
Aston Villa
Athletic Bilbao
Slovan Bratislava
Boca juniors
Paphos
Slavia Prague
Kairat
Monaco
Porto
SL Benfica
Club Bruges
Anderlecht
Santos
 
Statistiques - réponses
Réponse % Correct
Barcelone
98%
Liverpool
71%
Tottenham
68%
Juventus
64%
Psg
56%
Om
49%
Monaco
47%
Newcastle
46%
Club Bruges
43%
Athletic Bilbao
37%
SL Benfica
36%
FK Qarabag
35%
Paphos
31%
Kairat
24%
Slavia Prague
23%
Aucun quiz correspondant
Distribution des résultats
% des personnes avec chaque résultat
Percentile par nombre de réponses
Votre historique - résultats
Vous n’avez pas pris ce quiz